Специальная выносливость средневиков и стайеров (Запись № 10771211)

Подробности
000 -МАРКЕР
контрольное поле 01640nam1a2200313 4500
001 - ИДЕНТИФИКАТОР ЗАПИСИ
контрольное поле RU\NLR\BIBL_A\010358556
005 - ИДЕНТИФИКАТОР ВЕРСИИ
контрольное поле 20260408154801.0
010 ## - МЕЖДУНАРОДНЫЙ СТАНДАРТНЫЙ НОМЕР КНИГИ (ISBN)
Номер (ISBN) 978-5-9904840-3-0
Тираж 500
035 ## - ДРУГИЕ СИСТЕМНЫЕ НОМЕРА
Идентификатор записи (NLR Aleph) 010358556
100 ## - ДАННЫЕ ОБЩЕЙ ОБРАБОТКИ
Данные общей обработки 20140409d2013 k y0rusy50 ca
101 0# - ЯЗЫК РЕСУРСА
Язык текста, звукозаписи и т.д. русский
102 ## - СТРАНА ПУБЛИКАЦИИ ИЛИ ПРОИЗВОДСТВА
Страна публикации российская федерация
105 ## - ПОЛЕ КОДИРОВАННЫХ ДАННЫХ: ТЕКСТОВЫЕ МАТЕРИАЛЫ, МОНОГРАФИЧЕСКИЕ
Кодированные данные о монографическом текстовом документе ||||z|||000yy
200 1# - ЗАГЛАВИЕ И СВЕДЕНИЯ ОБ ОТВЕТСТВЕННОСТИ
Основное заглавие Специальная выносливость средневиков и стайеров
Сведения, относящиеся к заглавию монография
-- [в 2 ч.]
Первые сведения об ответственности Ю.А. Попов
Последующие сведения об ответственности Негос. образоват. учреждение высш. проф. образования "Моск. ин-т физ. культуры и спорта"
210 ## - ПУБЛИКАЦИЯ, РАСПРОСТРАНЕНИЕ И ДР.
Место издания, распространения и т.д. Москва
Имя издателя, распространителя и т. д. Негосударственное учреждение "Объединенная академия образовательных учреждений"
Дата издания, распространения и т.д. 2013
215 ## - ФИЗИЧЕСКАЯ ХАРАКТЕРИСТИКА
Размеры 21
606 1# - НАИМЕНОВАНИЕ ТЕМЫ КАК ПРЕДМЕТ
Наименование темы Бег (спорт.) на средние дистанции
Тематический подзаголовок Тренировка
Системный номер авторитетной/нормативной записи 1133754
Идентификатор авторитетной/нормативной записи RU\NLR\AUTH\66131459
606 1# - НАИМЕНОВАНИЕ ТЕМЫ КАК ПРЕДМЕТ
Наименование темы Спортсмены
Тематический подзаголовок Выносливость
-- Воспитание
Системный номер авторитетной/нормативной записи 2308035
Идентификатор авторитетной/нормативной записи RU\NLR\AUTH\6601607391
606 ## - НАИМЕНОВАНИЕ ТЕМЫ КАК ПРЕДМЕТ
Наименование темы Бег (спорт.) на длинные дистанции
Тематический подзаголовок Тренировка
Идентификатор авторитетной/нормативной записи RU\NLR\AUTH\66130234
Системный номер авторитетной/нормативной записи 1131496
686 1# - ИНДЕКСЫ ДРУГИХ КЛАССИФИКАЦИЙ
Индекс Ч517.115.566.15
686 1# - ИНДЕКСЫ ДРУГИХ КЛАССИФИКАЦИЙ
Индекс Ч517.115.571.5
686 1# - ИНДЕКСЫ ДРУГИХ КЛАССИФИКАЦИЙ
Индекс Ч511.485.3
700 #1 - ИМЯ ЛИЦА - ПЕРВИЧНАЯ ОТВЕТСТВЕННОСТЬ
Материалы, к которым относится поле rus
Графика поля Кириллица
Начальный элемент ввода Попов
Часть имени, кроме начального элемента ввода Ю. А.
Дополнения к именам, кроме дат д-р пед. наук, физ. культура
Даты 1935-
Расширение инициалов личного имени Юрий Алексеевич
Идентификатор авторитетной/нормативной записи RU\NLR\AUTH\77100430
Системный номер авторитетной/нормативной записи 83356
852 ## - МЕСТОНАХОЖДЕНИЕ И ШИФР ХРАНЕНИЯ
Идентификатор организации NLR
Шифр хранения (Call Number) 2014-3/10249
942 ## - ДОПОЛНИТЕЛЬНЫЕ ЭЛЕМЕНТЫ ЗАПИСИ (АБИС)
Тип экземпляра АБИС Книга
980 ## - КОЛЛЕКЦИЯ
Название коллекции Национальная библиография

Нет доступных экземпляров.